Finanční ekonometrie

Enregistré dans:
Détails bibliographiques
Auteur principal: Cipra, Tomáš
Format: Livre
Langue:tchèque
Publié: Praha Ekopress 2013
Édition:2. uprav. vyd.
Sujets:
Tags: Ajouter un tag
Pas de tags, Soyez le premier à ajouter un tag!

MARC

LEADER 00000nam a2200000 4500
001 0224974
005 20240314075902.1
020 |a 978-80-86929-93-4 
041 0 |a cze 
044 |a CZ 
245 1 0 |a Finanční ekonometrie  |c Tomáš Cipra 
250 |a 2. uprav. vyd. 
264 1 |a Praha  |b Ekopress  |c 2013 
300 |a 538 s. 
610 2 0 |a financie 
610 2 0 |a ekonometria 
610 2 0 |a softvér 
610 2 0 |a modely 
610 2 0 |a regresia 
610 2 0 |a testovanie hypotéz 
610 2 0 |a modely dynamické 
610 2 0 |a rady časové 
610 2 0 |a aktíva finančné 
610 2 0 |a hodnota 
610 2 0 |a riziko 
610 2 0 |a analýza štatistická 
100 1 |a Cipra, Tomáš